Juliet's nurse : (Record no. 590273)
[ view plain ]
| 000 -LEADER | |
|---|---|
| fixed length control field | 01164cam a22003377i 4500 |
| 001 - CONTROL NUMBER | |
| control field | 18383466 |
| 003 - CONTROL NUMBER IDENTIFIER | |
| control field | NUST |
| 005 - DATE AND TIME OF LATEST TRANSACTION | |
| control field | 20220705123032.0 |
| 008 - FIXED-LENGTH DATA ELEMENTS--GENERAL INFORMATION | |
| fixed length control field | 141121s2014 onc 000 1 eng |
| 010 ## - LIBRARY OF CONGRESS CONTROL NUMBER | |
| LC control number | 2014495117 |
| 020 ## - INTERNATIONAL STANDARD BOOK NUMBER | |
| International Standard Book Number | 9780345813992 (pbk.) |
| 020 ## - INTERNATIONAL STANDARD BOOK NUMBER | |
| International Standard Book Number | 9780345814012 (ebook) |
| 035 ## - SYSTEM CONTROL NUMBER | |
| System control number | (OCoLC)ocn877364109 |
| 040 ## - CATALOGING SOURCE | |
| Original cataloging agency | NLC |
| Language of cataloging | eng |
| Transcribing agency | NLC |
| Description conventions | rda |
| Modifying agency | OCLCO |
| -- | CDX |
| -- | UAB |
| -- | CNCAR |
| -- | DLC |
| 042 ## - AUTHENTICATION CODE | |
| Authentication code | lccopycat |
| 050 00 - LIBRARY OF CONGRESS CALL NUMBER | |
| Classification number | PS3612.E9233 |
| Item number | J86 2014b |
| 082 04 - DEWEY DECIMAL CLASSIFICATION NUMBER | |
| Classification number | 813.6 |
| Author Mark | LEV |
| 100 1# - MAIN ENTRY--PERSONAL NAME | |
| Personal name | Leveen, Lois, |
| Dates associated with a name | 1968- |
| Relator term | author. |
| 9 (RLIN) | 7645 |
| 245 10 - TITLE STATEMENT | |
| Title | Juliet's nurse : |
| Remainder of title | a novel / |
| Statement of responsibility, etc. | Lois Leveen. |
| 264 #1 - PRODUCTION, PUBLICATION, DISTRIBUTION, MANUFACTURE, AND COPYRIGHT NOTICE | |
| Place of production, publication, distribution, manufacture | Toronto : |
| Name of producer, publisher, distributor, manufacturer | Random House Canada, |
| Date of production, publication, distribution, manufacture, or copyright notice | 2014. |
| 300 ## - PHYSICAL DESCRIPTION | |
| Extent | 375 pages ; |
| Dimensions | 24 cm |
| 336 ## - CONTENT TYPE | |
| Content type term | text |
| Content type code | txt |
| Source | rdacontent |
| 337 ## - MEDIA TYPE | |
| Media type term | unmediated |
| Media type code | n |
| Source | rdamedia |
| 338 ## - CARRIER TYPE | |
| Carrier type term | volume |
| Carrier type code | nc |
| Source | rdacarrier |
| 530 ## - ADDITIONAL PHYSICAL FORM AVAILABLE NOTE | |
| Additional physical form available note | Issued also in electronic format. |
| 600 10 - SUBJECT ADDED ENTRY--PERSONAL NAME | |
| Personal name | Shakespeare, William, |
| Dates associated with a name | 1564-1616. |
| Title of a work | Romeo and Juliet |
| Form subdivision | Adaptations. |
| 9 (RLIN) | 92940 |
| 776 1# - ADDITIONAL PHYSICAL FORM ENTRY | |
| Main entry heading | Leveen, Lois, 1968-, author. |
| Title | Juliet's nurse. |
| Record control number | (CaOONL)20149024355 |
| 906 ## - LOCAL DATA ELEMENT F, LDF (RLIN) | |
| a | 7 |
| b | cbc |
| c | copycat |
| d | 3 |
| e | ncip |
| f | 20 |
| g | y-gencatlg |
| 942 ## - ADDED ENTRY ELEMENTS (KOHA) | |
| Source of classification or shelving scheme | |
| Koha item type | Book |
| Withdrawn status | Lost status | Source of classification or shelving scheme | Damaged status | Not for loan | Permanent Location | Current Location | Shelving location | Date acquired | Total Checkouts | Full call number | Barcode | Checked out | Date last seen | Date last checked out | Price effective from | Koha item type |
|---|---|---|---|---|---|---|---|---|---|---|---|---|---|---|---|---|
| Central Library (CL) | Central Library (CL) | Fiction | 07/05/2022 | 1 | 813.6 LEV | CL3432 | 04/06/2023 | 12/07/2022 | 12/07/2022 | 07/05/2022 | Book |
